[Event "Gausdal Troll Masters"]
[Site "Gausdal, Norway"]
[Date "2003.01.08"]
[Round "2"]
[White "Larsen, Tor Kristian"]
[Black "Johansen, Kai-Roger"]
[Result "1-0"]
[WhiteElo "1747"]
[BlackElo "2084"]
[PlyCount "95"]
[EventDate "2003.01.??"]
[Source "EeEk"]
[SourceDate "2003.01.08"]

1. Nf3 d5 2. d4 Nf6 3. c4 e6 4. Nc3 c6 5. Bg5 Nbd7 6. e3 Qa5 7. Nd2 dxc4 8.
Bxf6 Nxf6 9. Nxc4 Qg5 10. g3 Bb4 11. Bg2 O-O 12. O-O Be7 13. a4 Rd8 14. a5 Bd7
15. a6 b6 16. Ne5 Rac8 17. Rc1 Be8 18. Ne4 Nxe4 19. Bxe4 Bd6 20. Nxc6 Bxc6 21.
Bxc6 e5 22. d5 e4 23. Qa4 f5 24. Bb7 Rb8 25. Rc6 h5 26. Rfc1 h4 27. Kg2 Be5 28.
b4 Qg4 29. Qd1 Qxd1 30. Rxd1 Bd6 31. Rb1 hxg3 32. hxg3 Kf7 33. b5 Ke7 34. Rh1
Rh8 35. Rxh8 Rxh8 36. Bc8 g6 37. Be6 Rf8 38. f3 exf3+ 39. Kxf3 Rh8 40. Kg2 Be5
41. Bxf5 Bd6 42. Bg4 Rf8 43. Bf3 Rd8 44. Rc4 Bc5 45. Rh4 Kf6 46. Rh7 Be7 47. e4
Rd7 48. d6 1-0